| 000 | 00500cam a2200193ua 4500 | ||
|---|---|---|---|
| 020 |
_a81-7224 339-1 _c225.00 |
||
| 041 |
_aeng _h |
||
| 082 |
_a005.369 _bCiC/LO |
||
| 100 | _aCicilioni, Ruth yaron . | ||
| 245 |
_aLotus 1-2-3: A tutorial / _cRuth Yarin Cililicnt. _hTextual Documents |
||
| 250 |
_a2 / _b. |
||
| 260 |
_aDelhi : _bJaices publishing Houses , _c1994. |
||
| 300 | _a742 ; . | ||
| 365 | _a225.00 | ||
| 500 | _a18981 CSS | ||
| 504 | _a | ||
| 942 | _cBK | ||
| 999 |
_c2763 _d2763 |
||